ბათუმის შოთა რუსთაველის სახელმწიფო უნივერსიტეტის ბიბლიოთეკა

Монетное дело и монетное обращение Ганджийского эмирата Шаддадидов : (ბიბ.ჩანაწერი № 60858)

000 -LEADER
fixed length control field 00908nam a22001937a 4500
005 - DATE AND TIME OF LATEST TRANSACTION
control field 20231110170308.0
008 - FIXED-LENGTH DATA ELEMENTS--GENERAL INFORMATION
fixed length control field 231110s2006 ru ||||| |||| 00| 0 rus d
020 ## - INTERNATIONAL STANDARD BOOK NUMBER
International Standard Book Number 5902689082
041 ## - LANGUAGE CODE
Language code of text/sound track or separate title rus
080 ## - UNIVERSAL DECIMAL CLASSIFICATION NUMBER
Universal Decimal Classification number 737 Л-33
100 ## - MAIN ENTRY--PERSONAL NAME
Personal name Лебедев В. П.
9 (RLIN) 20332
245 ## - TITLE STATEMENT
Title Монетное дело и монетное обращение Ганджийского эмирата Шаддадидов :
Remainder of title (сер. Х- ХI вв.) /
Statement of responsibility, etc. В. П. Лебедев, Д. Б. Марков, А.А. Койфман.
264 ## - PRODUCTION, PUBLICATION, DISTRIBUTION, MANUFACTURE, AND COPYRIGHT NOTICE
Place of production, publication, distribution, manufacture Москва :
Name of producer, publisher, distributor, manufacturer Нумизматическая литература,
Date of production, publication, distribution, manufacture, or copyright notice 2006.
300 ## - PHYSICAL DESCRIPTION
Extent 136 стр. :
Other physical details илл.;
Dimensions 24 см.
653 ## - INDEX TERM--UNCONTROLLED
keyword მონეტა და მონეტების მიმოქცევა
700 ## - ADDED ENTRY--PERSONAL NAME
Personal name Марков, Д. Б.
Relator term ავტორი
9 (RLIN) 20333
700 ## - ADDED ENTRY--PERSONAL NAME
Personal name Койфман, А.А.
Relator term ავტორი
9 (RLIN) 20334
942 ## - ADDED ENTRY ELEMENTS (KOHA)
Source of classification or shelving scheme
Koha item type წიგნი
ეგზემპლარები
Withdrawn status Lost status Source of classification or shelving scheme Damaged status Not for loan Permanent Location Current Location Shelving location Date acquired Cost, normal purchase price Full call number Barcode Date last seen Copy number Uniform Resource Identifier Price effective from Koha item type Public note
          ბათუმის შოთა რუსთაველის სახელმწიფო უნივერსიტეტის მთავარი ბიბლიოთეკა ბათუმის შოთა რუსთაველის სახელმწიფო უნივერსიტეტის მთავარი ბიბლიოთეკა წიგნსაცავი 2023-11-10 10.00 737 Л-33 65408 2023-11-10 65408 ბსუ-ს საპატიო დოქტორის გურამ ლორთქიფანიძის საჩუქარი 2023-11-10 წიგნი 10 ლ.